Métodos de instrucción (Registro nro. 305866)

Detalles MARC
000 -ENCABEZADO
Número de control [NR] 01544nam a2200265 4500
005 - FECHA Y HORA DE LA ÚLTIMA TRANSACCIÓN
control field 20170201114108.0
008 - DE LONGITUD FIJA DE DATOS DE ELEMENTOS - INFORMACIÓN GENERAL
Elementos de longitud fija [NR] 170201s1889 xxu |||fr|||| 001 0 spa d
040 ## - FUENTE DE CATALOGACION [NR]
Agencia de catalogación original [NR] CO-BoUCM
Idioma de catalogación [NR] spa
Quien Cataloga Sandra Yazo
Quien Clasifica Sandra Yazo
041 ## - CODIGO DE IDIOMA [R]
Código de idioma para texto/pista de sonido o título separado [R] Español
082 04 - NUMERO DE CLASIFICACION DECIMAL DEWEY [R]
Número de la edición [NR] 20
Número de clasificación [R] 371.332
092 ## - SIGNATURA TOPOGRAFICA LOCAL
Número de clasificación local E42N009
100 1# - ASIENTO PRINCIPAL--NOMBRE PERSONAL [NR]
Nombre personal [NR] Wickersham, James Pyle
Fechas asociadas con el nombre [NR] 1825-1891
ID Autoridad 83772
245 10 - MENCION DE TITULO [NR]
Título [NR] Métodos de instrucción
Mención de responsabilidad, etc. [NR] por Jamoes Pyle Wickersham
260 ## - PUBLICACION, DISTRIBUCION, ETC. (PIE DE IMPRENTA) [R]
Lugar de publicación, distribución, etc. [R] Nueva York (Estados Unidos)
Nombre del editor, distribuidor, etc. [R] D. Appleton y compañía
Fecha de publicación, distribución, etc. [R] 1889
300 ## - DESCRIPCION FISICA [R]
Extensión [R] x, 434 páginas
Dimensiones [R] 19 x 12 cm
490 #0 - MENCION DE SERIE [R]
Mención de serie [R] Biblioteca del maestro
500 ## - NOTA GENERAL [R]
Nota general [NR] Detalles físicos: Encuadernación rígida en cartón duro forrado en tela texturizada. Lomo con adornos en dorado. Tapas con recuadro repujado en bordes. Guardas. Hoja de cortesía. Anteportada. Portada impresa en una sola tinta. Texto impreso en una sola columna. Lomo con residuos de cinta pegante, dobleces. Bordes de páginas manchada
505 0# - NOTA DE CONTENIDO CON FORMATO PREESTABLECIDO [R]
Nota de contenido con formato preestablecido [NR] Introducción ; La instrucción en los elementos de los conocimientos ; Instrucción en el lenguaje ; Instrucción en la lengua materna ; Instrucción en las lenguas muertas ; Instrucción en las Ciencias Formales ; Instrucción en las Ciencias Empíricas ; Instrucción en las Ciencias Racionales ; Instrucción en las Ciencias Históricas ; La instrucción en las Artes
506 ## - NOTA DE RESTRICCIONES DE ACCESO [R]
Condiciones de acceso [NR] Consulta en sala
650 #7 - ASIENTO SECUNDARIO DE MATERIA - TERMINO TEMATICO [R]
9 (RLIN) 19449
Término temático o nombre geográfico como elemento de entrada [NR] Métodos de enseñanza
650 #7 - ASIENTO SECUNDARIO DE MATERIA - TERMINO TEMATICO [R]
9 (RLIN) 34673
Término temático o nombre geográfico como elemento de entrada [NR] Formación de maestros
650 #7 - ASIENTO SECUNDARIO DE MATERIA - TERMINO TEMATICO [R]
9 (RLIN) 14818
Término temático o nombre geográfico como elemento de entrada [NR] Escuelas
690 ## - ASUNTO AGREGADO LOCAL DE ENTRADA - TÉRMINO TEMÁTICO (OCLC, RLIN)
Acceso temático local Educación
9 (RLIN) 13779
942 ## - ELEMENTOS DE ENTRADA AGREGADOS (KOHA)
Sistema de clasificación LOCAL
Tipo de ítem principal el descrito en 300a Libro
Edición 1
Clasificación E42N009
Existencias
Suprimido Perdido Sistema de clasificación Dañado No prestable Tipo de ítem específico Ubicación habitual Ubicación actual Localización Fecha de creación Forma de adquisición Costo Total préstamos Signatura topográfica Código de barras Última vez visto Ejemplar Price effective from Tipo de ítem
    LOCAL     Libro archivo Archivo Histórico Archivo Histórico Archivo histórico 01/02/2017 Donación 0.00   E42N009 L006093 01/02/2017 Ej.1 01/02/2017 Libro